Quizzes
Events
Quiz Creation
Community
Videos
Private Events
Remove Ads
Sign In
Join for FREE
Feedback
Dark Mode
Quiz Categories
Sports
Geography
Music
Movies
Television
Just For Fun
Miscellaneous
History
Literature
Language
Science
Gaming
Entertainment
Religion
Holiday
For Kids
Quiz Lab
Recent
Popular Today
Quiz Kudos Today
Editor Picks
Curator Picks
Quizzes by...
Day
Popularity
Type
Ratings
Length
Year
Community
Subscriptions
Recent Discussions
Orange Saloon
Badges
Playlists
Quests
Create
Leaderboards
Showdown
Live 5
Trivia Bingo
Activity
Puzzle Library
Sporcle Events
Private Events
Virtual Trivia
Globe League
Become a Host
Pub Owners
SporcleCon
Opinionation
Our Games
Videos
Blog
Mobile Apps
Partnerships
Remove Ads and Go Orange
Feedback
Just For Fun
Clickable
Get the Picture
Humor
Quick Pick
Word Ladder
Missing Word
Mixed Word
Blitz
Minefield
This or That
Alphabet
Color
Typing
Sporcle
Puzzle
Word Play
Follow That Line
Logic
Just For Fun
Clickable
Get the Picture
Humor
Quick Pick
Word Ladder
Missing Word
Mixed Word
Blitz
Minefield
This or That
Alphabet
Color
Typing
Sporcle
Puzzle
Word Play
Follow That Line
Logic
Random Quiz
Search Sporcle
×
Quiz Lab
Quiz Lab
Just For Fun
Mixed Word
Type in answers that appear in a list
Type in answers that appear in a list
Classic
Best Score? Go Orange.
Mixed Word: Grab Bag Stats
Can you name the scrambled words??
By
dt022
4m
20 Questions
136 Plays
136 Plays
136 Plays
Comments
Comments
Give Quiz Kudos
Give Quiz Kudos
-
- Ratings
hide this ad
Replay
Link that replays current quiz
Next Quiz
Link to next quiz in quiz playlist
You Got
0%
They Got
Avg Score
64%
Avg Friend Score
Upgrade to see
Score Distribution
Jump to the score distribution portion of the page
Score
0/20
Timer
04:00
0
Plays Today
% Correct
TRSEAWE
Sweater
85.3%
BRESBALC
Scrabble
83.1%
CNREET ELFID
Center Field
83.1%
GATENMA
Magenta
82.4%
FENTIFE
Fifteen
80.9%
NONIMANC
Cinnamon
80.1%
ZLEMAOAZLR
Mozzarella
80.1%
SASCCILAL
Classical
79.4%
TNAIRM LEHRUT NIKG DYA
Martin Luther King Day
78.7%
NUCETNOCTIC
Connecticut
74.3%
% Correct
KETYUR
Turkey
71.3%
BUABHTT
Bathtub
65.4%
POTEDAZRI
Trapezoid
64.7%
LOWTRTEIRE
Rottweiler
59.6%
LAVCEDLNE
Cleveland
55.1%
NCAYHTI
Cynthia
49.3%
NEDALI HTSO
Daniel Tosh
47.1%
TEHAHTC
Hatchet
36.8%
KEHAME INKSC
Hakeem Nicks
16.9%
ODMAHREE TASTE
Morehead State
16.9%
Quiz Playlist
Details
Report
Send in Message
Add To Playlist
Classic:
Type in answers that appear in a list
Last Updated: Feb 16, 2017
Quiz Scoreboard
CHALLENGE
Sign Up to Join the Scoreboard
Show All
Scores
Hide
Comments
May contain spoilers
Recently Published
College Basketball Coaching Resumes
by pancakes188
Sports
9m
Billboard Blitz: Fleetwood Mac
by CooCooCachoo
Music
15s
Presidents Visiting Landmarks
by Hejman
History
7m
More to Explore
Quiz From the Vault
Featured Blog Post
Where Did the Easter Bunny Come From?
hide this ad
You Might Also Like...
Tags
Mixed Word Quiz
bag
Mixed
Today's Top Quizzes in Just For Fun
Browse Just For Fun
hide this ad
Today's Top Quizzes in Mixed Word
Browse Mixed Word
Top Contributed Quizzes in Just For Fun
1
Killer Double Trees 224 - Colour Match-Up
2
Spring Typing Challenge
3
Crossword Whiteout! 49
4
Zeroing In: Just For Fun
5
Harry Potter Logic - 'In Chains' II
6
Survivor Winners Logic Puzzle
7
Word Ladder: Ahoy Matey
8
Kyle's 122nd Triple Trees
9
Word Ladder: Wilderness Weapon
10
Edinburgh Fringe jokes 2015
Explore More
Trending Topics
Crossword
Marvel
NBA
Disney
Anime
Harry Potter
Kpop
NFL
Song
Pokémon
The Office
WWE
Country
Soccer
Puzzle
hide this ad
More By:
dt022
Quiz
Plays
Rating
Category
Featured
Created
Mixed Word: Grab Bag IV
40,892
3.98
Just For Fun
Mar 13, 2011
Sports Logic Quiz
28,616
3.80
Sports
Dec 19, 2012
NFL Logic Puzzle
5,319
3.11
Just For Fun
Oct 3, 2015
2012 NBA Draft 1st Round Picks
4,257
3.50
Sports
Jun 28, 2012
Top 25 Passer Ratings From 2002-2012
4,098
3.72
Sports
Jan 6, 2013
Go to Creator's Profile
Score Distribution
Quiz Creator Spotlight
dt022
Follow
Send a Message
Quizzes Created
-
Created Quiz Play Count
-
More By This Creator
Popular Quizzes Today
1
Find the US States - No Outlines Minefield
2
Find the Countries of Europe - No Outlines Minefield
3
The Countries of the World
4
Find the US States
5
Risky Map Clicking: Biggest States A-Z
6
US States
7
Popular People in 1961
8
Movies - When Are They Set?
More Just For Fun Quizzes
Quick Pick: 'L' Literature
Published
Trending Quizzes
Risky Map Clicking: Least Populous States A-Z
1-10 Letter G Words
1-10 Letter F Words
Risky Map Clicking: Next State Alphabetically
Click the Washington State Counties! (Map)
Recently Updated
Leaping Animals
pecheneg
Reality TV Shows (A-Z)
bhenderson79
Rickey Henderson's Hall of Fame Teammates
pecheneg
Champions League XIs: Arsenal
pecheneg
Quick Pick: Celebrities in WWE's Hall of Fame
aduchscher
A-Z Keypad Blitz II
pecheneg
Multiple Oscar Actors
pecheneg
Mystery Phrase Blitz: Oscar 'Best Actors'
pecheneg
F. Scott Fitzgerald Novels
LTH
Pick 3 Villains
ddd62291
Trending Topics
Kpop
Disney
NBA
Anime
Harry Potter
Marvel
Crossword
NFL
The Office
Pokémon
Country
Puzzle
Soccer
WWE
Song
Your Account Isn't Verified!
In order to create a playlist on Sporcle, you need to verify the email address you used during registration. Go to your
Sporcle Settings
to finish the process.
Report this User
Report this user for behavior that violates our
Community Guidelines
.
Details:
Send Report
Go to the Sporcle.com Mobile Site →
Comments